REDETI Revista de derecho de las telecomunicaciones e infraestructuras en Red

Detalles Bibliográficos
Formato: Desconocido
Lenguaje:español
Publicado: Madrid : Montecorvo
Materias:
Acceso en línea:Acceso restringido

MARC

LEADER 00000ny a22000003n 4500
005 20110510151022.0
008 981123c19uu9999sp tr p 0 0 b0spa d
022 |a 1139-482x 
035 |a 27 
040 |a SpMaUCDE  |d vLex 
080 |a 654:34 05 
090 |c 1597  |d 1597 
245 0 0 |a REDETI  |h [Recurso electrn̤ico]  |b Revista de derecho de las telecomunicaciones e infraestructuras en Red 
246 3 |a Revista del derecho de las telecomunicaciones e infraestructuras en Red 
256 |a Servicio en ln̕ea 
260 |a Madrid :  |b Montecorvo 
310 |a Cuatrimestral 
321 |a Trimestral 
506 1 |a Contenido solo disponible en los productos indicados  |d vLex Global  |d vLex Global (Academic Edition, excluding Law Schools)  |d vLex Global (U.S. Academic Edition, Law Schools)  |d vLex Global (U.S. Academic Edition, excluding Law Schools)  |d vLex Global (Academic Edition, Law Schools) 
650 0 7 |a Telecomunicaciones  |2 Tesauro vLex 
740 0 |a vLex Revista (Servicios en ln̕ea) 
843 |a Electrn̤ica. Abierta 
853 |8 1  |i (year)  |j (month)  |k (day) 
856 4 0 |u http://vlex.com/account/login_ip?fuente_id=27  |z Acceso restringido 
942 |c REV